| 000 | 00344 a2200157 4500 | ||
|---|---|---|---|
| 001 | 62401 | ||
| 020 | _a8572083847 | ||
| 040 | _cAnchieta - Pituba | ||
| 100 | _aStuz, Victor Louis | ||
| 240 | 1 | 0 |
_aAventureiros de Argos _lpor |
| 245 | 1 | 0 | _aAventureiros de Argos |
| 300 | _a55 | ||
| 362 | 0 | _a2004 | |
| 650 | 4 | _aLiteratura juvenil | |
| 942 | _cBK | ||
| 999 |
_c62401 _d62401 |
||